000 01299cam a22003497a 4500
003 CHAP
005 20220329142550.0
008 010920d2001 mx r 00110 spa d
010 _a85014
011 _a85986
035 _a96524
040 _cCHAP
090 _aTesis
100 0 0 _aPiña Moreno, Landy Isela.
_988453
245 1 0 _aAnálisis del mercado hispano de Estados Unidos de América para incrementar las exportaciones de mango mexicano
_c/por Landy Isela Piña Moreno
260 _aChapingo, Méx. :
_bEl autor,
_c2001.
300 _a104 h. ;
_bgráfs.
502 _aTesis (Lic. en Comercio Internacional de Productos Agropecuarios) -- UACH. División de Ciencias Económico Administrativas
590 _aALEPH
_b10
_c20130110
_lUCH01
_h1444
590 _aBATCH-UPD
_b10
_c20130110
_lUCH01
_h0601
590 _aBATCH-UPD
_b10
_c20130410
_lUCH01
_h0242
590 _aBATCH-UPD
_b10
_c20130914
_lUCH01
_h0528
590 _aCONVERSION
_b10
_c20130109
_lUCH01
_h1347
650 1 4 _aBalanza comercial.
_99607
650 1 4 _aMango
_xExportación.
_970415
650 1 4 _aMango
_xMercadeo.
_970434
901 _aBK
905 _aAlejandra Carrasco M.
942 _cFOLL
949 _aTesis
_bBC
_cTES
_d33724000859690
_eTS2
_fc.2
_h38654
_i96524
_si
949 _aTesis
_bBC
_cTES
_d965241
_eTS1
_h38653
_i96524
_sb
999 _c85014
_d85014